[Event "Ile et Vilaine-chA 0001"]
[Site "Ile et Vilaine"]
[Date "2001.04.01"]
[Round "7"]
[White "Le Bail, Daniel"]
[Black "Le Peron, Yves"]
[Result "0-1"]
[WhiteElo "1499"]
[BlackElo "1320"]
[PlyCount "78"]
[EventDate "2000.10.21"]
[EventType "swiss"]
[EventRounds "7"]
[EventCountry "FRA"]
[SourceTitle "EXT 2007"]
[Source "ChessBase"]
[SourceDate "2006.11.23"]
[SourceVersion "1"]
[SourceVersionDate "2006.11.23"]
[SourceQuality "1"]

1. e4 c5 2. Nf3 d6 3. d4 cxd4 4. Nxd4 e5 5. Nf3 a6 6. Nc3 h6 7. Be3 Nf6 8. h3 Be7 9. Bc4 Nbd7 10. Qd2 0-0 11. g4 Nh7 12. h4 Nb6 13. Bb3 Bxg4 14. Bxb6 Qxb6 15. Nd5 Qd8 16. Nxe7+ Qxe7 17. Qe3 Nf6 18. 0-0-0 Nh5 19. Rdg1 Nf6 20. Nd2 b5 21. f3 h5 22. f4 Rac8 23. f5 Rfd8 24. Nf3 Qc7 25. Rh2 d5 26. Rd2 dxe4 27. Ng5 Rxd2 28. Qxd2 Kf8 29. Rf1 Qc5 30. Bxf7 e3 31. Qd3 Ke7 32. Ne4 Nxe4 33. Be6 Nd6 34. Bxc8 e2 35. f6+ gxf6 36. Qh7+ Nf7 37. Re1 Qf2 38. Kd2 Qf4+ 39. Kd3 Qd4# 0-1